Менеджмент гостиниц и ресторанов: учебное пособие

Bibliographic Details
Main Author: Кабушкин Н. И. Николай Иванович
Other Authors: Бондаренко Г. А. Галина Анатольевна
Summary:Исключено из фонда НТБ ТПУ
Language:Russian
Published: Минск, Новое знание, 2002
Edition:3-е изд., перераб. и доп.
Series:Экономическое образование
Format: Book
KOHA link:https://koha.lib.tpu.ru/cgi-bin/koha/opac-detail.pl?biblionumber=44060

MARC

LEADER 00000nam0a2200000 4500
001 44060
005 20231031021806.0
010 |a 9856516951 
035 |a (RuTPU)RU\TPU\book\45690 
090 |a 44060 
100 |a 20021104d2002 m y0rusy50 ca 
101 0 |a rus 
102 |a BY 
105 |a a j 001zy 
200 1 |a Менеджмент гостиниц и ресторанов  |e учебное пособие  |f Н. И. Кабушкин, Г. А. Бондаренко 
205 |a 3-е изд., перераб. и доп. 
210 |a Минск  |c Новое знание  |d 2002 
215 |a 368 с.  |c ил. 
225 1 |a Экономическое образование 
333 |a Исключено из фонда НТБ ТПУ 
700 1 |a Кабушкин  |b Н. И.  |g Николай Иванович 
701 1 |a Бондаренко  |b Г. А.  |g Галина Анатольевна 
801 1 |a RU  |b 63413507  |c 20021104  |g PSBO 
801 2 |a RU  |b 63413507  |c 20220428  |g PSBO 
942 |c BK